00981nam a2200265 i 450000100060000000300090000600500170001500700030003200800410003501600160007602000180009204000200011008000170013010000300014724501230017726000860030030000210038649000350040770000320044270000260047483000430050085200330054399900170057695201220059310976ES-MaACL20230906150013.0t|921021s1989 sp ||||0| spa d7 zSIC92003877 a84-206-4519-2 aSIC bspa cSIC a849.9-12"19"1 aFerrater, Gabriel.95033710aPoema inacabado / cGabriel Ferrater ; versión en castellano, prólogo y notas de Joaquín Margarit y Pere Rovira. aBarcelona : bEnciclopedia Catalana ; aMadrid : bAlianza Editorial,cD.L. 1989. a107 p ; c21 cm.1 aBiblioteca de cultura catalana1 aMargarit, Joaquín.9766191 aRovira, Pere.91001360 aBiblioteca de cultura catalana9178600 aES-MaACLjL-18278 bR.121965 c10976d10976 00104070aATENEOMbATENEOMcDEPO2d2008-01-17eSCl0oL-18278p1011194r2023-02-23 00:00:00w2023-02-23yMONOGRAFIA